000 00501cam a2200205 4500
001 46033
010 _a9722109170
021 _b75394/94
090 _a46033
100 _a20000309d1999 m y0pory5003 ba
101 0 _apor
102 _aCV
200 1 _aA ilha fantástica
_fGermano Almeida
205 _a4.ª ed.
210 9 _aCabo Verde
_cIlhéu Editora
_d1998
215 _a223 p.
675 _a821.134.3(665.8)-31"19/20"
_vBN
_zpor
700 1 _aAlmeida,
_bGermano,
_f1945-
801 _aPT
_gRPC
990 _cLIVROS